Little Mix Fact Quiz - Statistics

General Stats
  • This quiz has been taken 288 times
  • The average score is 7 of 16
Answer Stats
Hint Answer % Correct
What boyband is he from? One Direction
81%
Who is she in a realtionship with? Zayn Malik
81%
Perrie has a middle name can you name it? Louise
74%
Who was there mentor? Tulisa
74%
What is jesy's real name? Jessica
71%
What were they going to be called originally? RhythMix
71%
How old is perrie? 19
67%
How old is Jesy? 21
67%
Where is perrie from ? South Shields
57%
When was perrie born? 10 July 1993
26%
When was Jesy born? 14 June 1991
17%
Before jesy joined the band she worked as what? Barmaid
11%
What is perries mum and dad called? Debbie and Alex
9%
When did they become a band? 12 June
5%
Jesy is from where? High Wycombe
3%
What song did she sing in her first audition? You oughta now
1%
No matching quizzes found
Score Distribution
Percent of People with Each Score
Percentile by Number Answered
Your Score History
You have not taken this quiz